| 000 | 00679nam a22002057a 4500 | ||
|---|---|---|---|
| 999 |
_c20495 _d20495 |
||
| 003 | AR-CdUCM | ||
| 008 | 190530b ||||| |||| 00| 0 spa d | ||
| 040 |
_aMUNICIPALIDAD PROVINCIAL DEL CUSCO _cBIBLIOTECA MUNICIPAL DEL CUSCO |
||
| 082 |
_a869.56 / _bIN59 |
||
| 110 |
_aInstituto de cultura peruana _942842 |
||
| 245 | _aPoetas y narradores del 2015 en homenaje a Martin Adan / | ||
| 260 |
_aCusco : _bJuan Edmundo Pantigozo Guillén, _c2015. |
||
| 300 |
_a134 páginas ; _c22 cm. |
||
| 505 | _aContenido: Poesía cusqueña. | ||
| 650 |
_aPoesía cusqueña _92323 |
||
| 650 |
_aCusco _9772 |
||
| 650 |
_aSiglo XXI _92856 |
||
| 942 |
_2ddc _cLIBROS |
||
| 945 |
_adavv _d2019-05-30 |
||